[Event "XXVII MISTRZOSTWA WOJEWÓDZTWA PODLASKIEGO JUNIORÓW DO LAT 14 - C14"]
[Site "Białystok, Poland"]
[Date "2025.05.30"]
[Round "2.4"]
[White "Gardocki, Michal"]
[Black "Jasiulewicz, Kamil"]
[Result "1-0"]
[WhiteElo "1469"]
[BlackElo "1658"]

1. e4 {[%clk 00:30:57]} {[%emt 00:00:03]} e5 {[%clk 00:30:54]} {[%emt
00:00:06]} 2. Nf3 {[%clk 00:31:18]} {[%emt 00:00:08]} d6 {[%clk 00:30:55]}
{[%emt 00:00:30]} 3. Bc4 {[%clk 00:31:37]} {[%emt 00:00:11]} h6 {[%clk
00:30:28]} {[%emt 00:00:58]} 4. d3 {[%clk 00:31:38]} {[%emt 00:00:28]} Nf6
{[%clk 00:30:52]} {[%emt 00:00:06]} 5. c3 {[%clk 00:31:57]} {[%emt 00:00:10]}
Be7 {[%clk 00:31:19]} {[%emt 00:00:04]} 6. Nbd2 {[%clk 00:32:16]} {[%emt
00:00:11]} O-O {[%clk 00:31:11]} {[%emt 00:00:38]} 7. O-O {[%clk 00:32:38]}
{[%emt 00:00:08]} a6 {[%clk 00:31:24]} {[%emt 00:00:18]} 8. a4 {[%clk
00:32:41]} {[%emt 00:00:26]} Nbd7 {[%clk 00:31:19]} {[%emt 00:00:35]} 9. b4
{[%clk 00:32:43]} {[%emt 00:00:28]} Kh8 {[%clk 00:31:17]} {[%emt 00:00:33]} 10.
Re1 {[%clk 00:32:14]} {[%emt 00:00:58]} Nb6 {[%clk 00:29:20]} {[%emt 00:02:28]}
11. Bb3 {[%clk 00:31:57]} {[%emt 00:00:46]} Bg4 {[%clk 00:29:37]} {[%emt
00:00:14]} 12. h3 {[%clk 00:32:15]} {[%emt 00:00:10]} Bh5 {[%clk 00:29:53]}
{[%emt 00:00:15]} 13. Nf1 {[%clk 00:32:26]} {[%emt 00:00:19]} Nh7 {[%clk
00:29:07]} {[%emt 00:01:16]} 14. g4 {[%clk 00:31:00]} {[%emt 00:01:56]} Bg6
{[%clk 00:29:34]} {[%emt 00:00:03]} 15. Ng3 {[%clk 00:31:14]} {[%emt 00:00:16]}
Bh4 {[%clk 00:28:55]} {[%emt 00:01:09]} 16. Kg2 {[%clk 00:30:16]} {[%emt
00:01:29]} Bxg3 {[%clk 00:27:54]} {[%emt 00:01:30]} 17. fxg3 {[%clk 00:30:32]}
{[%emt 00:00:14]} Nd7 {[%clk 00:24:05]} {[%emt 00:04:20]} 18. h4 {[%clk
00:28:59]} {[%emt 00:02:02]} h5 {[%clk 00:23:50]} {[%emt 00:00:46]} 19. g5
{[%clk 00:29:12]} {[%emt 00:00:16]} f5 {[%clk 00:23:31]} {[%emt 00:00:49]} 20.
exf5 {[%clk 00:28:26]} {[%emt 00:01:16]} Bxf5 {[%clk 00:23:24]} {[%emt
00:00:37]} 21. Nh2 {[%clk 00:27:41]} {[%emt 00:01:15]} Qe8 {[%clk 00:21:20]}
{[%emt 00:02:34]} 22. Bd5 {[%clk 00:25:41]} {[%emt 00:02:29]} c6 {[%clk
00:21:21]} {[%emt 00:00:31]} 23. Bf3 {[%clk 00:26:01]} {[%emt 00:00:09]} g6
{[%clk 00:21:24]} {[%emt 00:00:27]} 24. Bb2 {[%clk 00:26:03]} {[%emt 00:00:28]}
Rf7 {[%clk 00:21:04]} {[%emt 00:00:50]} 25. c4 {[%clk 00:26:07]} {[%emt
00:00:25]} Kg8 {[%clk 00:14:49]} {[%emt 00:06:46]} 26. b5 {[%clk 00:25:24]}
{[%emt 00:01:14]} Nc5 {[%clk 00:14:17]} {[%emt 00:01:01]} 27. Ra3 {[%clk
00:24:30]} {[%emt 00:01:24]} axb5 {[%clk 00:12:50]} {[%emt 00:01:58]} 28. cxb5
{[%clk 00:23:54]} {[%emt 00:01:04]} Re7 {[%clk 00:09:04]} {[%emt 00:04:18]} 29.
bxc6 {[%clk 00:24:02]} {[%emt 00:00:22]} bxc6 {[%clk 00:09:29]} {[%emt
00:00:04]} 30. d4 {[%clk 00:23:58]} {[%emt 00:00:35]} Rb8 {[%clk 00:08:17]}
{[%emt 00:01:42]} 31. Ba1 {[%clk 00:24:13]} {[%emt 00:00:14]} Rb1 {[%clk
00:07:39]} {[%emt 00:01:08]} 32. Qd2 {[%clk 00:23:03]} {[%emt 00:01:40]} Rc1
{[%emt 00:03:26]} 33. Rd1 Rxd1 {[%clk 00:04:44]} 34. dxc5 {[%clk 00:23:12]}
{[%emt 00:00:20]} Re1 {[%clk 00:03:58]} 35. Be2 {[%emt 00:01:52]} e4 36. Bd1
{[%clk 00:23:06]} Rxd1 {[%clk 00:03:12]} {[%emt 00:01:15]} 37. Qxd1 {[%clk
00:23:29]} {[%emt 00:00:07]} dxc5 {[%clk 00:01:48]} {[%emt 00:01:55]} 38. Qb3+
{[%clk 00:23:43]} {[%emt 00:00:15]} Kf8 {[%clk 00:01:11]} {[%emt 00:01:07]} 39.
Qc3 {[%clk 00:23:48]} {[%emt 00:00:25]} Rd7 {[%clk 00:00:34]} {[%emt 00:01:08]}
40. Qh8+ {[%clk 00:23:41]} {[%emt 00:00:36]} Ke7 {[%clk 00:00:54]} {[%emt
00:00:09]} 41. Bf6+ {[%clk 00:23:33]} {[%emt 00:00:39]} Kf7 {[%clk 00:01:03]}
{[%emt 00:00:21]} 42. Qxh7+ {[%clk 00:22:58]} {[%emt 00:01:06]} Ke6 {[%clk
00:01:27]} {[%emt 00:00:06]} 43. Qh8 {[%clk 00:23:20]} {[%emt 00:00:07]} Rd2+
{[%clk 00:01:48]} {[%emt 00:00:09]} 44. Kg1 {[%clk 00:22:51]} {[%emt 00:01:00]}
Qf7 {[%clk 00:00:34]} {[%emt 00:01:43]} 45. Qc8+ {[%clk 00:22:46]} {[%emt
00:00:32]} Kd5 {[%clk 00:00:33]} {[%emt 00:00:34]} 46. Qd8+ {[%clk 00:22:25]}
{[%emt 00:00:48]} Bd7 {[%clk 00:00:46]} {[%emt 00:00:20]} 47. Qc7 {[%clk
00:21:53]} {[%emt 00:01:02]} Qe6 {[%clk 00:00:49]} {[%emt 00:00:27]} 48. Nf1
{[%clk 00:21:10]} {[%emt 00:01:13]} Rd1 {[%clk 00:01:03]} {[%emt 00:00:16]} 49.
Kf2 {[%clk 00:20:40]} {[%emt 00:01:00]} Rxf1+ {[%clk 00:00:32]} {[%emt
00:01:02]} 50. Kxf1 {[%clk 00:21:06]} {[%emt 00:00:03]} e3 {[%clk 00:00:35]}
{[%emt 00:00:27]} 51. Rd3+ {[%clk 00:21:06]} {[%emt 00:00:30]} Ke4 {[%clk
00:00:33]} {[%emt 00:00:33]} 52. Qxd7 {[%clk 00:21:21]} {[%emt 00:00:15]} Qc4
{[%clk 00:00:50]} {[%emt 00:00:13]} 53. Ke2 {[%clk 00:19:53]} {[%emt 00:01:58]}
Qc2+ {[%clk 00:01:16]} {[%emt 00:00:04]} 54. Rd2 {[%clk 00:19:35]} {[%emt
00:00:48]} exd2 {[%clk 00:01:21]} {[%emt 00:00:24]} 55. Qe6# {[%clk 00:20:01]}
{[%emt 00:00:04]} 1-0

[Event "XXVII MISTRZOSTWA WOJEWÓDZTWA PODLASKIEGO JUNIORÓW DO LAT 14 - C14"]
[Site "Białystok, Poland"]
[Date "2025.05.30"]
[Round "3.2"]
[White "Wnorowski, Wiktor"]
[Black "Chojnowski, Jakub"]
[Result "1-0"]
[WhiteElo "1674"]
[BlackElo "1504"]

1. d4 {[%clk 00:30:59]} {[%emt 00:00:01]} d5 {[%clk 00:30:56]} {[%emt
00:00:05]} 2. c4 {[%clk 00:31:24]} {[%emt 00:00:04]} c6 {[%emt 00:00:17]} 3.
Nc3 {[%clk 00:31:39]} e6 {[%clk 00:31:26]} {[%emt 00:00:27]} 4. cxd5 {[%clk
00:32:01]} {[%emt 00:00:08]} exd5 {[%clk 00:31:42]} {[%emt 00:00:14]} 5. Nf3
{[%clk 00:32:25]} {[%emt 00:00:06]} Nd7 {[%clk 00:31:44]} {[%emt 00:00:29]} 6.
Bf4 {[%clk 00:32:42]} {[%emt 00:00:12]} Ngf6 {[%clk 00:31:23]} {[%emt
00:00:51]} 7. e3 {[%clk 00:32:55]} {[%emt 00:00:17]} Bb4 {[%clk 00:31:44]}
{[%emt 00:00:10]} 8. Bd3 {[%clk 00:33:08]} {[%emt 00:00:16]} Qe7 {[%clk
00:29:42]} {[%emt 00:02:32]} 9. O-O {[%clk 00:33:24]} {[%emt 00:00:13]} Bxc3
{[%clk 00:29:25]} {[%emt 00:00:48]} 10. bxc3 {[%clk 00:33:52]} {[%emt
00:00:02]} Nb6 {[%clk 00:29:44]} {[%emt 00:00:11]} 11. Bg5 {[%clk 00:32:45]}
{[%emt 00:01:36]} h6 {[%clk 00:29:51]} {[%emt 00:00:25]} 12. Bh4 {[%clk
00:33:11]} {[%emt 00:00:02]} Bg4 {[%clk 00:29:39]} {[%emt 00:00:42]} 13. h3
{[%clk 00:33:12]} {[%emt 00:00:29]} Bh5 {[%clk 00:30:04]} {[%emt 00:00:06]} 14.
g4 {[%clk 00:30:44]} {[%emt 00:02:57]} Bg6 {[%clk 00:30:28]} {[%emt 00:00:07]}
15. Bxg6 {[%clk 00:31:10]} {[%emt 00:00:04]} fxg6 {[%clk 00:30:55]} {[%emt
00:00:02]} 16. Qd3 {[%clk 00:31:00]} {[%emt 00:00:41]} g5 {[%clk 00:29:50]}
{[%emt 00:01:36]} 17. Ne5 {[%clk 00:29:06]} {[%emt 00:02:23]} Rg8 {[%clk
00:28:18]} {[%emt 00:02:01]} 18. Qg6+ {[%clk 00:28:40]} {[%emt 00:00:56]} Kf8
{[%clk 00:27:57]} {[%emt 00:00:52]} 19. Bg3 {[%clk 00:28:07]} {[%emt 00:01:03]}
Ne4 {[%emt 00:04:36]} 20. f4 {[%clk 00:26:36]} gxf4 {[%clk 00:24:43]} {[%emt
00:01:40]} 21. Rxf4+ {[%clk 00:26:56]} {[%emt 00:00:09]} Nf6 {[%clk 00:25:07]}
{[%emt 00:00:06]} 22. Raf1 {[%clk 00:25:51]} {[%emt 00:01:35]} Qe8 {[%clk
00:24:21]} {[%emt 00:01:16]} 23. Rxf6+ {[%clk 00:25:56]} {[%emt 00:00:25]} gxf6
{[%clk 00:24:35]} {[%emt 00:00:16]} 24. Qxf6+ {[%clk 00:26:20]} {[%emt
00:00:06]} 1-0

[Event "XXVII MISTRZOSTWA WOJEWÓDZTWA PODLASKIEGO JUNIORÓW DO LAT 14 - C14"]
[Site "Białystok, Poland"]
[Date "2025.05.30"]
[Round "3.3"]
[White "Pawluczuk, Maciej"]
[Black "Obrycki, Tomasz"]
[Result "0-1"]
[WhiteElo "1427"]
[BlackElo "2055"]

1. e4 {[%clk 00:30:57]} {[%emt 00:00:02]} c5 {[%clk 00:30:51]} {[%emt
00:00:10]} 2. Nf3 {[%clk 00:31:23]} {[%emt 00:00:04]} d6 {[%clk 00:31:09]}
{[%emt 00:00:12]} 3. d4 {[%clk 00:31:47]} {[%emt 00:00:06]} cxd4 {[%clk
00:31:34]} {[%emt 00:00:05]} 4. Nxd4 {[%clk 00:32:10]} {[%emt 00:00:07]} Nf6
{[%clk 00:32:00]} {[%emt 00:00:03]} 5. Nc3 {[%clk 00:32:32]} {[%emt 00:00:08]}
a6 {[%clk 00:32:25]} {[%emt 00:00:06]} 6. Be2 {[%clk 00:32:50]} {[%emt
00:00:12]} e5 {[%clk 00:32:47]} {[%emt 00:00:08]} 7. Nf3 {[%clk 00:33:10]}
{[%emt 00:00:09]} Be7 {[%clk 00:32:44]} {[%emt 00:00:33]} 8. Be3 {[%clk
00:33:34]} {[%emt 00:00:06]} O-O {[%clk 00:31:24]} {[%emt 00:01:51]} 9. Qd2
{[%clk 00:32:45]} {[%emt 00:01:19]} Qc7 {[%clk 00:29:58]} {[%emt 00:01:50]} 10.
O-O-O {[%clk 00:33:06]} {[%emt 00:00:15]} Be6 {[%clk 00:29:57]} {[%emt
00:00:31]} 11. g4 {[%clk 00:32:56]} {[%emt 00:00:39]} Nxg4 {[%clk 00:28:58]}
{[%emt 00:01:30]} 12. Rhg1 {[%clk 00:33:17]} {[%emt 00:00:08]} Nxe3 {[%clk
00:27:46]} {[%emt 00:01:43]} 13. Qxe3 {[%clk 00:33:38]} {[%emt 00:00:09]} Bf6
{[%clk 00:27:24]} {[%emt 00:00:52]} 14. Qh6 {[%emt 00:01:31]} Kh8 {[%clk
00:27:43]} {[%emt 00:00:09]} 15. Qh5 {[%clk 00:32:45]} {[%emt 00:00:23]} Nc6
{[%clk 00:26:59]} {[%emt 00:01:14]} 16. Ng5 {[%clk 00:33:02]} {[%emt 00:00:12]}
Bxg5+ {[%clk 00:27:02]} {[%emt 00:00:29]} 17. Qxg5 {[%clk 00:33:25]} {[%emt
00:00:06]} f6 {[%clk 00:26:48]} {[%emt 00:00:44]} 18. Qg2 {[%clk 00:33:44]}
{[%emt 00:00:10]} Nd4 {[%clk 00:26:35]} {[%emt 00:00:45]} 19. Bd3 {[%clk
00:34:02]} {[%emt 00:00:11]} Rac8 {[%clk 00:26:33]} {[%emt 00:00:32]} 20. Kb1
{[%clk 00:33:28]} {[%emt 00:01:04]} g6 {[%clk 00:26:15]} {[%emt 00:00:49]} 21.
f3 {[%clk 00:33:23]} {[%emt 00:00:35]} Qa5 {[%clk 00:26:19]} {[%emt 00:00:19]}
22. a3 {[%clk 00:33:47]} {[%emt 00:00:14]} b5 {[%clk 00:25:54]} {[%emt
00:00:54]} 23. Nd5 {[%clk 00:34:00]} {[%emt 00:00:16]} Nc6 {[%clk 00:25:09]}
{[%emt 00:01:15]} 24. c3 {[%clk 00:34:04]} {[%emt 00:00:27]} Qd8 {[%clk
00:23:38]} {[%emt 00:01:59]} 25. Qg3 {[%clk 00:34:21]} {[%emt 00:00:14]} Ne7
{[%clk 00:23:09]} {[%emt 00:00:58]} 26. Qh4 {[%clk 00:34:23]} {[%emt 00:00:30]}
Bxd5 {[%clk 00:23:13]} {[%emt 00:00:26]} 27. exd5 {[%clk 00:34:45]} {[%emt
00:00:08]} f5 {[%clk 00:23:30]} {[%emt 00:00:13]} 28. Qh6 {[%clk 00:33:23]}
{[%emt 00:01:51]} Ng8 {[%clk 00:23:27]} {[%emt 00:00:32]} 29. Qh3 {[%clk
00:33:44]} {[%emt 00:00:08]} Qf6 {[%clk 00:23:48]} {[%emt 00:00:09]} 30. Rg2
{[%clk 00:33:59]} {[%emt 00:00:17]} Ne7 {[%clk 00:24:06]} {[%emt 00:00:13]} 31.
Rdg1 {[%clk 00:33:58]} {[%emt 00:00:26]} Rc5 {[%clk 00:24:13]} {[%emt
00:00:23]} 32. Qh6 {[%clk 00:34:04]} {[%emt 00:00:27]} Qg7 {[%clk 00:23:40]}
{[%emt 00:01:00]} 33. Qh4 {[%clk 00:34:21]} {[%emt 00:00:17]} Rxd5 {[%clk
00:23:48]} {[%emt 00:00:23]} 34. Bc2 {[%clk 00:34:40]} {[%emt 00:00:11]} Rc5
{[%clk 00:24:05]} {[%emt 00:00:11]} 35. Rd1 {[%clk 00:34:37]} {[%emt 00:00:34]}
Qf6 {[%clk 00:24:09]} {[%emt 00:00:26]} 36. Qh6 {[%clk 00:34:54]} {[%emt
00:00:13]} Rcc8 {[%clk 00:24:14]} {[%emt 00:00:21]} 37. h4 {[%clk 00:35:04]}
{[%emt 00:00:25]} Rcd8 {[%clk 00:22:55]} {[%emt 00:01:48]} 38. h5 {[%clk
00:34:51]} {[%emt 00:00:42]} g5 {[%clk 00:19:48]} {[%emt 00:03:37]} 39. Qxg5
{[%clk 00:34:38]} {[%emt 00:00:43]} Qxg5 {[%clk 00:19:52]} {[%emt 00:00:28]} 40.
Rxg5 {[%clk 00:35:02]} {[%emt 00:00:06]} Rf6 {[%clk 00:17:35]} {[%emt
00:02:46]} 41. Rdg1 {[%clk 00:35:18]} {[%emt 00:00:13]} Rg8 {[%clk 00:17:32]}
{[%emt 00:00:33]} 42. Rxg8+ {[%clk 00:35:18]} {[%emt 00:00:31]} Nxg8 {[%clk
00:18:01]} {[%emt 00:00:01]} 43. Rg5 {[%clk 00:35:16]} {[%emt 00:00:32]} Ne7
{[%clk 00:17:41]} {[%emt 00:00:51]} 44. Bb3 {[%clk 00:35:22]} {[%emt 00:00:23]}
d5 {[%clk 00:17:53]} {[%emt 00:00:19]} 45. a4 {[%clk 00:35:41]} {[%emt
00:00:11]} e4 {[%clk 00:17:53]} {[%emt 00:00:29]} 46. fxe4 {[%clk 00:36:02]}
{[%emt 00:00:10]} dxe4 {[%clk 00:18:08]} {[%emt 00:00:15]} 47. axb5 {[%clk
00:36:26]} {[%emt 00:00:06]} axb5 {[%clk 00:18:34]} {[%emt 00:00:04]} 48. Kc1
{[%clk 00:36:43]} {[%emt 00:00:12]} Rd6 {[%clk 00:18:01]} {[%emt 00:01:04]} 49.
Bc2 {[%clk 00:36:42]} {[%emt 00:00:31]} h6 {[%clk 00:15:22]} {[%emt 00:03:09]}
50. Rg3 {[%clk 00:36:46]} {[%emt 00:00:26]} Rd5 {[%clk 00:15:25]} {[%emt
00:00:24]} 51. Bb3 {[%clk 00:37:09]} {[%emt 00:00:10]} Re5 {[%clk 00:15:43]}
{[%emt 00:00:06]} 52. Kd2 {[%clk 00:37:37]} {[%emt 00:00:07]} f4 {[%clk
00:15:38]} {[%emt 00:00:36]} 53. Rg4 {[%clk 00:38:04]} {[%emt 00:00:03]} e3+
{[%clk 00:15:15]} {[%emt 00:00:52]} 54. Ke2 {[%clk 00:38:29]} {[%emt 00:00:06]}
f3+ {[%clk 00:15:37]} {[%emt 00:00:08]} 0-1

[Event "XXVII MISTRZOSTWA WOJEWÓDZTWA PODLASKIEGO JUNIORÓW DO LAT 14 - C14"]
[Site "Białystok, Poland"]
[Date "2025.05.30"]
[Round "3.4"]
[White "Boguszewski, Kacper"]
[Black "Choinski, Ignacy"]
[Result "1-0"]
[WhiteElo "1689"]
[BlackElo "1521"]

1. e4 {[%clk 00:30:59]} c6 {[%clk 00:30:53]} {[%emt 00:00:07]} 2. d4 {[%clk
00:31:24]} {[%emt 00:00:05]} d5 {[%clk 00:31:18]} {[%emt 00:00:05]} 3. Nc3
{[%clk 00:31:53]} {[%emt 00:00:02]} dxe4 {[%clk 00:31:32]} {[%emt 00:00:15]} 4.
Nxe4 {[%clk 00:32:20]} {[%emt 00:00:04]} Bf5 {[%clk 00:31:39]} {[%emt
00:00:22]} 5. Ng3 {[%clk 00:32:46]} {[%emt 00:00:04]} Bg6 {[%clk 00:31:48]}
{[%emt 00:00:20]} 6. h4 {[%clk 00:33:08]} {[%emt 00:00:08]} h6 {[%clk
00:31:52]} {[%emt 00:00:27]} 7. Nh3 {[%clk 00:33:26]} {[%emt 00:00:12]} Nf6
{[%clk 00:31:41]} {[%emt 00:00:41]} 8. Nf4 {[%clk 00:33:33]} {[%emt 00:00:20]}
Bh7 {[%clk 00:32:01]} {[%emt 00:00:13]} 9. Bd3 {[%clk 00:31:42]} {[%emt
00:02:21]} Bxd3 {[%clk 00:32:07]} {[%emt 00:00:23]} 10. Qxd3 {[%clk 00:32:06]}
{[%emt 00:00:07]} e6 {[%clk 00:31:52]} {[%emt 00:00:46]} 11. Bd2 {[%clk
00:30:30]} {[%emt 00:02:03]} Bd6 {[%emt 00:00:24]} 12. O-O-O {[%clk 00:29:44]}
{[%emt 00:01:14]} Qc7 {[%clk 00:31:28]} {[%emt 00:01:04]} 13. Nfh5 {[%clk
00:29:50]} {[%emt 00:00:23]} Bxg3 {[%clk 00:30:57]} {[%emt 00:01:02]} 14. Nxf6+
{[%clk 00:29:44]} {[%emt 00:00:36]} gxf6 {[%clk 00:30:57]} {[%emt 00:00:29]} 15.
fxg3 {[%clk 00:29:45]} {[%emt 00:00:30]} Nd7 {[%clk 00:30:59]} {[%emt
00:00:29]} 16. g4 {[%clk 00:26:29]} {[%emt 00:03:45]} O-O-O {[%clk 00:30:31]}
{[%emt 00:00:58]} 17. Qf3 {[%clk 00:24:48]} {[%emt 00:02:09]} Rdg8 {[%clk
00:28:50]} {[%emt 00:02:12]} 18. Bf4 {[%clk 00:18:49]} {[%emt 00:06:28]} Qd8
{[%clk 00:29:14]} {[%emt 00:00:08]} 19. g3 {[%clk 00:17:25]} {[%emt 00:01:54]}
Rg7 {[%clk 00:28:31]} {[%emt 00:01:09]} 20. Qa3 {[%clk 00:17:00]} {[%emt
00:01:00]} a6 {[%clk 00:28:13]} {[%emt 00:00:47]} 21. Rd3 {[%clk 00:16:50]}
{[%emt 00:00:40]} Rxg4 {[%clk 00:27:39]} {[%emt 00:01:03]} 22. Rhd1 {[%clk
00:16:20]} {[%emt 00:01:00]} Nb6 {[%clk 00:27:01]} {[%emt 00:01:08]} 23. Rb3
{[%clk 00:10:55]} {[%emt 00:05:56]} Nd5 {[%clk 00:26:14]} {[%emt 00:01:15]} 24.
Bd6 {[%clk 00:10:49]} {[%emt 00:00:35]} Qd7 {[%clk 00:24:53]} {[%emt 00:01:54]}
25. c4 {[%clk 00:08:55]} {[%emt 00:02:25]} Rd8 {[%clk 00:22:50]} {[%emt
00:02:32]} 26. Bc5 {[%clk 00:06:18]} {[%emt 00:03:07]} Nc7 {[%clk 00:22:27]}
{[%emt 00:00:52]} 27. Be7 {[%clk 00:04:53]} {[%emt 00:01:56]} Rxd4 {[%clk
00:18:59]} {[%emt 00:03:58]} 28. Rxd4 {[%clk 00:03:53]} {[%emt 00:01:30]} Qxd4
{[%clk 00:19:22]} {[%emt 00:00:07]} 29. Bxd8 {[%clk 00:03:45]} {[%emt
00:00:39]} Qxc4+ {[%clk 00:19:41]} {[%emt 00:00:09]} 30. Rc3 {[%clk 00:04:03]}
{[%emt 00:00:11]} Qf1+ {[%clk 00:19:43]} {[%emt 00:00:30]} 31. Kc2 {[%clk
00:04:29]} {[%emt 00:00:04]} Qe2+ {[%clk 00:20:04]} {[%emt 00:00:08]} 32. Kb1
{[%clk 00:03:47]} {[%emt 00:00:58]} Qe1+ {[%clk 00:19:52]} {[%emt 00:00:56]} 33.
Rc1 {[%clk 00:04:08]} {[%emt 00:00:06]} Qe4+ {[%clk 00:19:45]} {[%emt
00:00:41]} 34. Ka1 {[%clk 00:04:35]} {[%emt 00:00:04]} Kxd8 {[%clk 00:19:10]}
{[%emt 00:01:04]} 35. Qf8+ {[%clk 00:04:32]} {[%emt 00:00:24]} Ne8 {[%clk
00:18:52]} {[%emt 00:00:58]} 36. Rd1+ {[%clk 00:04:44]} {[%emt 00:00:17]} Kc7
{[%clk 00:19:20]} {[%emt 00:00:02]} 37. Qxe8 {[%clk 00:05:00]} {[%emt
00:00:14]} Kb6 {[%clk 00:19:49]} {[%emt 00:00:01]} 38. Qd8+ {[%clk 00:05:23]}
{[%emt 00:00:08]} Kb5 {[%clk 00:20:15]} {[%emt 00:00:02]} 39. Qxf6 {[%clk
00:05:24]} {[%emt 00:00:30]} Qc2 {[%clk 00:20:35]} {[%emt 00:00:08]} 40. Qe5+
{[%clk 00:05:24]} {[%emt 00:00:23]} c5 {[%clk 00:21:01]} {[%emt 00:00:14]} 41.
Qe1 {[%clk 00:05:25]} {[%emt 00:00:24]} e5 {[%clk 00:21:21]} {[%emt 00:00:14]}
42. Qf1+ {[%clk 00:05:49]} {[%emt 00:00:06]} Kb4 {[%clk 00:21:45]} {[%emt
00:00:06]} 43. a3+ {[%clk 00:06:08]} {[%emt 00:00:11]} Ka4 {[%clk 00:22:11]}
{[%emt 00:00:04]} 44. Rc1 {[%clk 00:06:00]} {[%emt 00:00:36]} Qg6 {[%clk
00:22:09]} {[%emt 00:00:34]} 45. Qc4+ {[%clk 00:06:24]} {[%emt 00:00:05]} Ka5
{[%clk 00:22:35]} {[%emt 00:00:05]} 46. Qxc5+ {[%clk 00:06:49]} {[%emt
00:00:05]} Ka4 {[%clk 00:23:04]} {[%emt 00:00:01]} 47. Qb4# {[%clk 00:07:11]}
{[%emt 00:00:07]} e4 {[%emt 00:00:08]} 1-0

[Event "XXVII MISTRZOSTWA WOJEWÓDZTWA PODLASKIEGO JUNIORÓW DO LAT 14 - C14"]
[Site "Białystok, Poland"]
[Date "2025.05.31"]
[Round "4.1"]
[White "Obrycki, Tomasz"]
[Black "Boguszewski, Kacper"]
[Result "1-0"]
[WhiteElo "2055"]
[BlackElo "1689"]

1. c4 {[%clk 00:30:58]} {[%emt 00:00:02]} Nf6 {[%clk 00:30:58]} {[%emt
00:00:03]} 2. g3 {[%clk 00:31:20]} {[%emt 00:00:07]} g6 {[%clk 00:31:25]}
{[%emt 00:00:04]} 3. Bg2 {[%emt 00:00:40]} d5 {[%clk 00:31:19]} 4. cxd5 {[%clk
00:31:25]} {[%emt 00:00:50]} Nxd5 {[%clk 00:31:46]} {[%emt 00:00:04]} 5. Nc3
{[%clk 00:31:43]} {[%emt 00:00:11]} Nb6 {[%clk 00:31:16]} {[%emt 00:01:00]} 6.
Nf3 {[%clk 00:31:33]} {[%emt 00:00:41]} Bg7 {[%clk 00:31:43]} {[%emt 00:00:03]}
7. O-O {[%clk 00:30:55]} {[%emt 00:01:07]} O-O {[%clk 00:32:05]} {[%emt
00:00:08]} 8. d3 {[%clk 00:30:32]} {[%emt 00:00:52]} c6 {[%clk 00:30:15]}
{[%emt 00:02:21]} 9. Qc2 {[%clk 00:30:06]} {[%emt 00:00:56]} Na6 {[%clk
00:30:29]} {[%emt 00:00:16]} 10. a3 {[%clk 00:29:04]} {[%emt 00:01:32]} Bg4
{[%clk 00:28:01]} {[%emt 00:02:58]} 11. h3 {[%clk 00:28:18]} {[%emt 00:01:16]}
Bxf3 {[%clk 00:28:05]} {[%emt 00:00:27]} 12. Bxf3 {[%clk 00:28:46]} {[%emt
00:00:01]} Nc7 {[%clk 00:28:13]} {[%emt 00:00:22]} 13. Ne4 {[%clk 00:26:46]}
{[%emt 00:02:29]} Ne6 {[%clk 00:28:20]} {[%emt 00:00:24]} 14. e3 {[%clk
00:26:51]} {[%emt 00:00:25]} Kh8 {[%clk 00:25:06]} {[%emt 00:03:45]} 15. d4
{[%clk 00:25:48]} {[%emt 00:01:32]} Qc7 {[%clk 00:23:52]} {[%emt 00:01:43]} 16.
Bg2 {[%clk 00:20:57]} {[%emt 00:05:22]} Rac8 {[%clk 00:21:58]} {[%emt
00:02:22]} 17. b4 {[%clk 00:18:28]} {[%emt 00:03:01]} f5 {[%clk 00:19:37]}
{[%emt 00:02:52]} 18. Nc3 {[%clk 00:12:04]} {[%emt 00:06:51]} Rfd8 {[%clk
00:18:34]} {[%emt 00:01:35]} 19. Qb3 {[%clk 00:11:16]} {[%emt 00:01:19]} Qd6
{[%clk 00:18:35]} {[%emt 00:00:28]} 20. Bb2 {[%clk 00:11:17]} {[%emt 00:00:30]}
Nc7 {[%clk 00:09:19]} {[%emt 00:09:46]} 21. a4 {[%clk 00:09:40]} {[%emt
00:02:06]} Nbd5 {[%clk 00:08:35]} {[%emt 00:01:14]} 22. Nxd5 {[%clk 00:09:14]}
{[%emt 00:00:57]} Nxd5 {[%clk 00:08:52]} {[%emt 00:00:13]} 23. Ba3 {[%clk
00:09:34]} {[%emt 00:00:10]} e5 {[%clk 00:03:38]} {[%emt 00:05:43]} 24. b5
{[%clk 00:09:32]} {[%emt 00:00:32]} Qd7 {[%clk 00:04:01]} {[%emt 00:00:06]} 25.
dxe5 {[%clk 00:09:33]} {[%emt 00:00:30]} Bxe5 {[%emt 00:00:26]} 26. Rad1 {[%clk
00:09:48]} Qe6 {[%clk 00:04:12]} {[%emt 00:00:37]} 27. Bc5 {[%clk 00:06:20]}
{[%emt 00:03:59]} b6 {[%clk 00:01:47]} {[%emt 00:02:55]} 28. Ba3 {[%clk
00:06:33]} {[%emt 00:00:17]} Nf4 {[%clk 00:00:37]} {[%emt 00:01:41]} 29. Qxe6
{[%clk 00:05:38]} {[%emt 00:01:25]} Nxe6 {[%clk 00:01:04]} {[%emt 00:00:03]} 30.
bxc6 {[%clk 00:05:52]} {[%emt 00:00:15]} 1-0